[Event "Indywidualne Mistrzostwa Polski Juniorow - C16"]
[Site "Szczyrk"]
[Date "2013-03-20"]
[Round "5.1"]
[White "Piotrowski, Przemyslaw"]
[Black "Gajek, Radoslaw"]
[Result "1-0"]
[WhiteTitle "I+"]
[BlackTitle "k"]
[WhiteElo "1996"]
[BlackElo "2273"]

1. e4 c5 2. Nf3 e6 3. d4 cxd4 4. Nxd4 a6 5. Nc3 g6 6. Be3 Bg7 7. Qd2 Nc6 8. Nxc6
bxc6 9. Bd4 Nf6 10. e5 Nd5 11. Ne4 O-O 12. c4 Qh4 13. Bd3 Nf4 14. g3 Nxd3+ 15.
Qxd3 Qh5 16. f4 d5 17. exd6 e5 18. Bxe5 Bxe5 19. fxe5 Qxe5 20. O-O-O Bf5 21. Rhe1
Bxe4 22. Qxe4 Qa5 23. Kb1 Rab8 24. Qe5 c5 25. d7 Rbd8 26. h4 Qa4 27. Qd5 Qb4 28.
Re2 Qb8 29. Qe5 Qb7 30. Qe7 Qf3 31. a3 Qb3 32. Rdd2 Qb6 33. Rd6 Qa5 34. h5 Rb8
35. h6 Qd8 36. Qe5 f6 37. Qd5+ Kh8 38. Rde6 Qc7 39. Re8 1-0

[Event "Indywidualne Mistrzostwa Polski Juniorow - C16"]
[Site "Szczyrk"]
[Date "2013-03-20"]
[Round "5.2"]
[White "Jarmula, Lukasz"]
[Black "Karwowski, Kacper"]
[Result "1-0"]
[WhiteTitle "k"]
[BlackTitle "I"]
[WhiteElo "2164"]
[BlackElo "1946"]

1. d4 Nf6 2. c4 e6 3. Nf3 b6 4. g3 Ba6 5. Qb3 c5 6. d5 exd5 7. cxd5 c4 8. Qc2 Bb4+
9. Nc3 Qe7 10. Bg2 Bb7 11. Nd4 Bxd5 12. Nf5 Qc5 13. e4 Bc6 14. Nxg7+ Kd8 15. O-O
Kc8 16. Bf4 Nh5 17. Nxh5 Qxh5 18. Nd5 Na6 19. Qxc4 b5 20. Qd4 Kb7 21. Nxb4 Nxb4
22. Qxb4 1-0

[Event "Indywidualne Mistrzostwa Polski Juniorow - C16"]
[Site "Szczyrk"]
[Date "2013-03-20"]
[Round "5.3"]
[White "Kowalczyk, Mariusz"]
[Black "Kaczmarek, Aleksander"]
[Result "0-1"]
[WhiteTitle "I"]
[BlackTitle "k"]
[WhiteElo "1940"]
[BlackElo "2132"]

1. e4 e5 2. Nf3 Nc6 3. d4 exd4 4. Nxd4 Nf6 5. Nxc6 bxc6 6. Bd3 d5 7. exd5 cxd5
8. O-O Be7 9. Bf4 O-O 10. h3 c5 11. c4 Bb7 12. Nd2 d4 13. Re1 Bd6 14. Bxd6 Qxd6
15. Ne4 Bxe4 16. Bxe4 Rab8 17. Qd2 Rfe8 18. Bd3 Rxe1+ 19. Rxe1 Re8 20. Rxe8+ Nxe8
21. a3 g6 22. b4 Nc7 23. Qg5 Ne6 24. Qd5 Qa6 25. bxc5 Qxa3 26. c6 Qxd3 27. c7
Nxc7 28. Qd8+ Kg7 29. Qxc7 Qe2 30. Qf4 d3 31. Qd4+ f6 32. Qc5 Qe1+ 0-1

[Event "Indywidualne Mistrzostwa Polski Juniorow - C16"]
[Site "Szczyrk"]
[Date "2013-03-20"]
[Round "5.4"]
[White "Snihur, Piotr"]
[Black "Koitka, Jakub"]
[Result "1-0"]
[WhiteTitle "I++"]
[BlackTitle "I+"]
[WhiteElo "2085"]
[BlackElo "2007"]

1. e4 e5 2. Nf3 Nc6 3. Bb5 a6 4. Ba4 Nf6 5. O-O Be7 6. Re1 b5 7. Bb3 d6 8. c3 O-O
9. h3 Nb8 10. d3 c5 11. Nbd2 Nc6 12. Nf1 Be6 13. Ng3 Qc7 14. Qe2 Rfe8 15. Ng5
Bxb3 16. axb3 g6 17. f4 d5 18. f5 Bf8 19. fxg6 fxg6 20. Qf3 Bg7 21. exd5 e4 22.
N3xe4 Nxd5 23. Bd2 Ne5 24. Qe2 h6 25. Nf3 Nxf3+ 26. Qxf3 Rf8 27. Qg4 Qc6 28. Rf1
b4 29. Rae1 a5 30. Ng3 Rxf1+ 31. Nxf1 h5 32. Qc4 Kh7 33. Ng3 Nb6 34. Qe4 Qd5 35.
Qxd5 Nxd5 36. Ne4 bxc3 37. bxc3 Rb8 38. Nxc5 Nxc3 39. Re7 Nd5 40. Rd7 Nb6 41.
Rb7 Rxb7 42. Nxb7 a4 43. bxa4 Nxa4 44. Kf2 Kg8 45. Ke3 Bh6+ 46. Ke2 Bf8 47. Kf3
Kf7 48. Ke4 Nc5+ 49. Nxc5 Bxc5 50. Kd5 Be7 51. Bc3 Bf8 52. Kc6 Bh6 53. Kd7 Bf8
54. Be5 Ba3 55. Bd6 Bb2 56. Bc5 Kf6 57. d4 Kf5 58. d5 Kf4 59. Bf2 Bc3 60. d6 g5
61. Ke8 Ba5 62. d7 Ke4 63. d8=Q Bxd8 64. Kxd8 Kd3 65. Ke7 Ke2 66. Bd4 Kf1 67.
g4 1-0

[Event "Indywidualne Mistrzostwa Polski Juniorow - C16"]
[Site "Szczyrk"]
[Date "2013-03-20"]
[Round "5.5"]
[White "Lizak, Jakub"]
[Black "Eggink, Ryszard"]
[Result "1/2-1/2"]
[WhiteTitle "I"]
[BlackTitle "I++"]
[WhiteElo "1893"]
[BlackElo "2080"]

1. e4 c5 2. Nf3 d6 3. d4 cxd4 4. Nxd4 Nf6 5. Nc3 a6 6. Be3 e5 7. Nf3 Be7 8. Bc4
O-O 9. O-O h6 10. Qd3 Be6 11. Nd5 Nbd7 12. Rfd1 Rc8 13. c3 Nxd5 14. Bxd5 b5 15.
a4 Bxd5 16. Qxd5 Nf6 17. Qb7 bxa4 18. Nxe5 Qc7 19. Qxc7 Rxc7 20. Nf3 Rb8 21. Rxa4
Rxb2 22. h3 Rc2 23. e5 dxe5 24. Nxe5 R2xc3 25. Rxa6 Rc8 26. Ra7 R3c7 27. Rxc7
Rxc7 28. Rc1 Rxc1+ 29. Bxc1 Bc5 30. Nd3 Bd4 31. Bb2 Bxb2 32. Nxb2 Kh7 33. Kf1
Kg6 34. Ke2 Kf5 35. Kf3 Nd7 36. Nd3 Ne5+ 37. Nxe5 Kxe5 38. Ke3 Kf5 39. Kf3 Ke5
40. Ke3 Kf5 41. Kf3 h5 1/2-1/2

[Event "Indywidualne Mistrzostwa Polski Juniorow - C16"]
[Site "Szczyrk"]
[Date "2013-03-20"]
[Round "5.6"]
[White "Chomczyk, Marek"]
[Black "Niekras, Dawid"]
[Result "1/2-1/2"]
[WhiteTitle "I+"]
[BlackTitle "I"]
[WhiteElo "1935"]
[BlackElo "1956"]

1. e4 e5 2. Nf3 Nc6 3. Bc4 Nf6 4. d3 Be7 5. O-O O-O 6. Re1 d6 7. c3 Na5 8. Bb5
a6 9. Ba4 b5 10. Bc2 c5 11. Nbd2 Nc6 12. Nf1 Re8 13. Ng3 Bf8 14. h3 h6 15. d4
Qc7 16. d5 Nd8 17. Nh2 c4 18. f4 exf4 19. Bxf4 Nd7 20. Ng4 Ne5 21. Nf5 Kh8 22.
Nxe5 dxe5 23. Be3 Bxf5 24. exf5 f6 25. Be4 Bd6 26. a4 Nb7 27. axb5 axb5 28. Qh5
Kg8 29. Qg6 Qf7 30. Kf1 Qxg6 31. fxg6 Kf8 32. Bf5 Ke7 33. Ke2 Nc5 34. Bxc5 Bxc5
35. Kf3 Kd6 36. Ke4 Reb8 37. Be6 Bf2 38. Rf1 Bc5 39. h4 Ke7 40. g4 Kf8 41. Rxa8
Rxa8 42. g5 Be7 43. d6 Bxd6 44. Rxf6+ gxf6 45. gxf6 Ra7 46. Kd5 Bb8 47. g7+ Rxg7
48. fxg7+ Kxg7 49. Bd7 b4 50. cxb4 Kf6 51. b5 Ke7 52. Bg4 e4 53. b6 Kd8 54. Kc6
Be5 55. b7 e3 56. Be2 Bf4 57. Bxc4 e2 58. Bxe2 Bc7 59. b4 Bb8 60. Bg4 Bc7 61.
b5 Bb8 62. Kd5 Ke7 63. Bf3 Bh2 64. Ke4 Kf6 65. Bg4 Bc7 66. Bd1 Bh2 67. Ba4 Bc7
68. Kd5 Ke7 69. Kc6 Bb8 70. Kb6 Kd6 71. Ka6 Kc7 72. b6+ Kd8 73. Bc6 Ke7 1/2-1/2

[Event "Indywidualne Mistrzostwa Polski Juniorow - C16"]
[Site "Szczyrk"]
[Date "2013-03-20"]
[Round "5.7"]
[White "Sliwicki, Damian"]
[Black "Czerw, Dawid"]
[Result "1-0"]
[WhiteTitle "I"]
[BlackTitle "I+"]
[WhiteElo "2028"]
[BlackElo "1947"]

1. e4 e6 2. d4 d5 3. Nc3 Bb4 4. Bd3 dxe4 5. Bxe4 Nf6 6. Bf3 O-O 7. Nge2 Nbd7 8.
O-O c6 9. Bf4 Nb6 10. a3 Bd6 11. Qd3 Nbd5 12. Bg3 Re8 13. Ne4 Nxe4 14. Bxe4 Nf6
15. Bh4 h6 16. f4 Be7 17. Bf3 c5 18. Bxf6 Bxf6 19. dxc5 Bxb2 20. Rab1 Bf6 21.
c6 Qxd3 22. cxd3 bxc6 23. Bxc6 Ba6 24. Rfd1 Rad8 25. Bxe8 Rxe8 26. Kf2 e5 27.
fxe5 Rxe5 28. Ng3 Rc5 29. Ne4 Bd4+ 30. Kg3 Rc2 31. Rd2 Rxd2 32. Nxd2 Bxd3 33.
Rb3 Bf5 34. Rb5 Be6 35. a4 f6 36. Nf3 Bb6 37. a5 Bc7+ 38. Kf2 Bf7 39. Nd4 Be5
40. Nf3 Bc7 41. Rc5 Bd6 42. Rc8+ Kh7 43. Nd4 Be5 44. Nf3 Bd6 45. Ke2 Bd5 46. a6
Bxf3+ 47. Kxf3 Bxh2 48. Rc1 Be5 49. Ke4 h5 50. Rd1 Bc7 51. Rb1 Bg3 52. Kf3 Be5
53. Ke3 Kg6 54. Ke4 Bg3 55. Rb2 f5+ 56. Kf3 Be5 57. Rb6+ Kh7 58. Rb5 Bd4 59. Rxf5
g6 60. Rd5 Bb6 61. Rb5 Bg1 62. Rb1 Bc5 63. Ke4 Kh6 64. Kd5 Bf2 65. Rb2 Bg1 66.
Ke6 h4 67. Rb1 Bf2 68. Rf1 Be3 69. Rf3 Bb6 70. Kf7 Bd8 71. Rb3 Bg5 72. Rb6 Kh5
73. Rxg6 Kg4 74. Ke6 Kh5 75. Kf5 Be3 76. g4+ hxg3 77. Rxg3 Bf2 78. Rh3+ Bh4 79.
Rh1 1-0

[Event "Indywidualne Mistrzostwa Polski Juniorow - C16"]
[Site "Szczyrk"]
[Date "2013-03-20"]
[Round "5.8"]
[White "Kucza, Karol"]
[Black "Swiderski, Radoslaw"]
[Result "1-0"]
[WhiteTitle "I+"]
[BlackTitle "I+"]
[WhiteElo "1886"]
[BlackElo "1964"]

1. e4 c5 2. Nf3 d6 3. d4 cxd4 4. Nxd4 Nf6 5. Nc3 Nc6 6. Bc4 Qb6 7. Nb3 e6 8. O-O
Be7 9. Be3 Qc7 10. f4 a6 11. Bd3 O-O 12. Qf3 b5 13. Qh3 Bb7 14. Rae1 Rfd8 15.
g4 Bf8 16. g5 Nd7 17. f5 Re8 18. fxe6 fxe6 19. e5 g6 20. Rf7 Kxf7 21. Qxh7+ Bg7
22. Bxg6+ Ke7 23. Qxg7+ Kd8 24. Bxe8 Ncxe5 25. Nd4 Kxe8 26. Rf1 Qc4 27. g6 Kd8
28. Rf4 b4 29. Qg8+ Ke7 30. Rf7+ 1-0

[Event "Indywidualne Mistrzostwa Polski Juniorow - C16"]
[Site "Szczyrk"]
[Date "2013-03-20"]
[Round "5.9"]
[White "Tomaszewski, Kacper"]
[Black "Delekta, Filip"]
[Result "1-0"]
[WhiteTitle "I++"]
[BlackTitle "I+"]
[WhiteElo "1961"]
[BlackElo "1934"]

1. d4 Nf6 2. c4 c5 3. d5 b5 4. cxb5 a6 5. bxa6 g6 6. Nc3 Bxa6 7. e4 d6 8. Nf3 Bg7
9. Bxa6 Nxa6 10. O-O O-O 11. Qe2 Nc7 12. Rd1 Nd7 13. Be3 Ra6 14. Nd2 Qa8 15. Nc4
Rb8 16. Bg5 Nb6 17. Nxb6 Raxb6 18. Bc1 Nb5 19. Nxb5 Rxb5 20. Rd2 Rb4 21. Rc2 Qa4
22. f3 Bd4+ 23. Kf1 Be5 24. g3 g5 25. g4 h6 26. Kg2 h5 27. gxh5 f5 28. b3 Qe8
29. Bb2 Bf4 30. exf5 Qxh5 31. Kg1 Kf8 32. Bc3 Be5 33. Bxe5 dxe5 34. Qxe5 Qxf3
35. Rg2 R8b7 36. Rf1 Qd3 37. f6 Qd4+ 38. Qxd4 Rxd4 39. Rxg5 exf6 40. Rxf6+ Ke7
41. Re6+ Kf7 42. Rf5+ 1-0

[Event "Indywidualne Mistrzostwa Polski Juniorow - C16"]
[Site "Szczyrk"]
[Date "2013-03-20"]
[Round "5.10"]
[White "Gierulski, Kamil"]
[Black "Kulas, Szymon"]
[Result "0-1"]
[WhiteTitle "I"]
[BlackTitle "I++"]
[WhiteElo "1856"]
[BlackElo "2088"]

1. e4 c5 2. d4 cxd4 3. c3 dxc3 4. Nxc3 Nc6 5. Nf3 d6 6. Bc4 a6 7. O-O Nf6 8. h3
e6 9. Qe2 Bd7 10. Rd1 Qb8 11. a4 Be7 12. Bf4 Ne5 13. Nxe5 dxe5 14. Be3 O-O 15.
a5 Bc6 16. f3 Rd8 17. Rdc1 Nd7 18. Qf2 Bb4 19. Bb3 Qd6 20. Rc2 Rac8 21. Kh1 Bc5
22. Ne2 Bxe3 23. Qxe3 Bb5 24. Rxc8 Rxc8 25. Nc3 Qd4 26. Qg5 h6 27. Qe7 Qc5 28.
Qxc5 Nxc5 29. Bc2 Bd3 30. Bd1 Bc4 31. Bc2 Rd8 32. Rd1 Rxd1+ 33. Nxd1 Bb3 34. Ne3
Bxc2 35. Nxc2 Nb3 36. Ne1 Nxa5 37. Nd3 Nc4 38. b3 Na5 39. Nc5 Kf8 40. b4 Nc6 41.
Nd3 Ke7 42. Kg1 Kd6 43. Kf2 b6 44. Ke3 a5 45. bxa5 bxa5 46. Kd2 Nb4 47. Nb2 Kc5
48. Kc3 Kb5 49. Kb3 Nc6 50. Nd3 f6 51. Nc1 Nd4+ 52. Kc3 a4 53. f4 Nb3 54. Nd3
Nc5 0-1

[Event "Indywidualne Mistrzostwa Polski Juniorow - C16"]
[Site "Szczyrk"]
[Date "2013-03-20"]
[Round "5.11"]
[White "Ulanowski, Karol"]
[Black "Buraczewski, Rafal"]
[Result "1-0"]
[WhiteTitle "I++"]
[BlackTitle "I"]
[WhiteElo "2118"]
[BlackElo "1825"]

1. e4 e6 2. d4 d5 3. Nc3 Nf6 4. e5 Nfd7 5. f4 c5 6. Nf3 Nc6 7. Be3 a6 8. Qd2 b5
9. dxc5 Bxc5 10. Bxc5 Nxc5 11. Qf2 Qe7 12. Bd3 Nb4 13. Rd1 Bb7 14. O-O g6 15.
a3 Nbxd3 16. cxd3 Rc8 17. Nd4 O-O 18. Qe3 Na4 19. Nxa4 bxa4 20. Rf3 f6 21. exf6
Qxf6 22. Qxe6+ Qxe6 23. Nxe6 d4 24. Rf2 Rf6 25. Nxd4 Rd6 26. Nf3 Rdc6 27. Kf1
a5 28. Ne5 Rd6 29. g3 Kg7 30. Ke2 Bd5 31. Kd2 Rb6 32. Ke3 Bb3 33. Re1 Rd6 34.
d4 Kf6 35. g4 Rc7 36. h4 Rb6 37. f5 g5 38. hxg5+ Kxg5 39. Rh1 Bf7 40. Nf3+ Kxg4
41. Rg1+ Kxf5 42. Ng5+ 1-0

[Event "Indywidualne Mistrzostwa Polski Juniorow - C16"]
[Site "Szczyrk"]
[Date "2013-03-20"]
[Round "5.12"]
[White "Zebracki, Tomasz"]
[Black "Kowalski, Maciej"]
[Result "0-1"]
[WhiteTitle "I"]
[BlackTitle "I"]
[WhiteElo "1951"]
[BlackElo "1877"]

1. Nc3 d5 2. d4 Nf6 3. Bg5 Nbd7 4. Qd3 e6 5. e4 dxe4 6. Nxe4 Be7 7. Nxf6+ Nxf6
8. Nf3 O-O 9. O-O-O b6 10. Ne5 Bb7 11. Qh3 Ne4 12. Be3 f5 13. Bc4 Bd5 14. Bxd5
Qxd5 15. c4 Qd6 16. f3 Nf6 17. Kb1 b5 18. g4 fxg4 19. fxg4 Nd7 20. Rhe1 bxc4 21.
Nxc4 Qd5 22. Rc1 Rab8 23. Rc2 Rb4 24. Rec1 Rfb8 25. Qg2 Rxc4 26. Qxd5 exd5 27.
Rxc4 dxc4 28. Rxc4 Bd6 29. h3 Nb6 30. Rc2 Re8 31. Bd2 Re4 32. Bc3 Nd5 33. Rf2
Re3 34. Bd2 Rxh3 35. Re2 Rg3 36. g5 Rd3 37. Kc2 Rxd4 38. Re8+ Kf7 39. Ra8 Nb4+
40. Bxb4 Rxb4 41. Rxa7 Kg6 42. a4 Kxg5 43. Ra8 h5 44. a5 h4 45. a6 Ra4 46. a7
Bc5 47. Rg8 Rxa7 48. Rxg7+ Kf4 0-1

[Event "Indywidualne Mistrzostwa Polski Juniorow - C16"]
[Site "Szczyrk"]
[Date "2013-03-20"]
[Round "5.13"]
[White "Czajkowski, Adam"]
[Black "Filewicz, Przemyslaw"]
[Result "1/2-1/2"]
[WhiteTitle "I+"]
[BlackTitle "I"]
[WhiteElo "1923"]
[BlackElo "1751"]

1. e4 Nf6 2. e5 Nd5 3. d4 d6 4. Nf3 dxe5 5. Nxe5 Nd7 6. Nf3 c5 7. c4 N5f6 8. Nc3
e6 9. Be2 Be7 10. O-O O-O 11. b3 b6 12. Bb2 Bb7 13. Qc2 a6 14. Rad1 Qc7 15. Ng5
h6 16. Nge4 Nxe4 17. Nxe4 Nf6 18. Nxf6+ Bxf6 19. dxc5 Bxb2 20. Qxb2 Qxc5 21. Rd3
Rad8 22. Rfd1 Qe7 23. Qd2 Rxd3 24. Qxd3 Qg5 25. Bf3 Bxf3 26. Qxf3 Rd8 27. h3 a5
28. a3 Qf6 29. Rxd8+ Qxd8 30. b4 Qd2 31. bxa5 Qxa5 32. Kh2 Qc5 33. Qa8+ Kh7 34.
Qe4+ g6 35. Qe3 Qc7+ 36. g3 h5 37. h4 Kg8 38. Qd3 Kf8 39. Kg2 Ke7 40. Kf3 Qd6
41. Ke2 Qxd3+ 42. Kxd3 Kd6 43. f4 e5 44. fxe5+ Kxe5 45. c5 bxc5 46. Kc4 Kd6 47.
a4 Kc6 48. a5 f6 49. a6 Kb6 50. a7 Kxa7 51. Kxc5 g5 52. Kd6 Kb6 53. Ke6 Kc5 54.
Kxf6 gxh4 55. gxh4 Kd6 1/2-1/2

[Event "Indywidualne Mistrzostwa Polski Juniorow - C16"]
[Site "Szczyrk"]
[Date "2013-03-20"]
[Round "5.14"]
[White "Maciejewski, Mikolaj"]
[Black "Mirski, Michal"]
[Result "1/2-1/2"]
[WhiteTitle "II+"]
[BlackTitle "I"]
[WhiteElo "1733"]
[BlackElo "1895"]

1. e4 c5 2. Nf3 Nc6 3. d4 cxd4 4. Nxd4 Nf6 5. Nc3 d6 6. Be2 g6 7. O-O Bg7 8. Be3
O-O 9. Nb3 a6 10. a4 Na5 11. e5 Ne8 12. Nxa5 Qxa5 13. Nd5 Qd8 14. Bb6 Qd7 15.
Bd4 Qd8 16. Bb6 Qd7 17. Bd4 Qd8 18. Bb6 Qd7 1/2-1/2

[Event "Indywidualne Mistrzostwa Polski Juniorow - C16"]
[Site "Szczyrk"]
[Date "2013-03-20"]
[Round "5.15"]
[White "Siedlanowski, Lukasz"]
[Black "Smal, Tobiasz"]
[Result "1-0"]
[WhiteTitle "I"]
[BlackTitle "I"]
[WhiteElo "1900"]
[BlackElo "1915"]

1. d4 Nf6 2. Nc3 d5 3. Bg5 Bf5 4. f3 h6 5. Bh4 Nbd7 6. e3 g5 7. Bf2 e6 8. Bd3 Bxd3
9. cxd3 c5 10. dxc5 Bxc5 11. d4 Bb4 12. Nge2 Rc8 13. O-O g4 14. Bh4 Be7 15. Nf4
Rg8 16. Kh1 h5 17. Qa4 Rc6 18. Nd3 a6 19. Qc2 b5 20. a3 Nb6 21. Qf2 g3 22. hxg3
Nfd7 23. Nb4 Rc8 24. Nxa6 Nc4 25. Bxe7 Qxe7 26. Nxb5 Rc6 27. Rac1 e5 28. Nac7+
Kf8 29. Nxd5 Qd8 30. Na7 Ra6 31. Rxc4 Rxa7 32. Rfc1 Ra8 33. e4 h4 34. g4 Kg7 35.
Rc6 Rh8 36. Rd6 Rc8 37. Rxc8 Qxc8 38. Qd2 f6 39. g5 h3 40. gxf6+ Kf7 41. g3 exd4
42. Kh2 Ne5 43. Qd1 Nxf3+ 44. Kh1 Qc4 45. Rd7+ Ke6 46. Re7+ Kd6 47. Rd7+ Ke5 48.
Rc7 Qa2 49. Nb4 Qg8 50. Qxf3 d3 51. Re7+ Kd6 52. Qxd3+ Kc5 53. Qd5+ Qxd5 54. exd5
Rf8 55. f7 Kd6 56. Rb7 1-0

[Event "Indywidualne Mistrzostwa Polski Juniorow - C16"]
[Site "Szczyrk"]
[Date "2013-03-20"]
[Round "5.16"]
[White "Smieszek, Wojciech"]
[Black "Pawlowski, Maciej"]
[Result "0-1"]
[WhiteTitle "I"]
[BlackTitle "I"]
[WhiteElo "1873"]
[BlackElo "1716"]

1. e4 e6 2. d4 d5 3. Nc3 Nf6 4. Bg5 Be7 5. e5 Nfd7 6. Bxe7 Qxe7 7. f4 a6 8. Nf3
c5 9. dxc5 Nc6 10. Bd3 Nxc5 11. O-O b5 12. Qd2 O-O 13. Rae1 Rd8 14. Ne2 Qa7 15.
Kh1 Ne4 16. Bxe4 dxe4 17. Nfd4 Rxd4 18. Nxd4 Qxd4 19. Qe2 Bb7 20. Rd1 Qb6 21.
Rd7 Nd4 22. Qe3 Bd5 23. c3 Qc6 24. Rd6 Nf5 25. Qd2 Nxd6 26. exd6 Rd8 27. f5 e3
28. Qe2 Bc4 29. Qf3 Qxf3 30. Rxf3 e2 31. Re3 Rxd6 32. Kg1 Rd1+ 33. Kf2 Rf1+ 0-1

[Event "Indywidualne Mistrzostwa Polski Juniorow - C16"]
[Site "Szczyrk"]
[Date "2013-03-20"]
[Round "5.17"]
[White "Nun, Grzegorz"]
[Black "Mazur, Bartlomiej"]
[Result "1/2-1/2"]
[WhiteTitle "II+"]
[BlackTitle "I"]
[WhiteElo "1851"]
[BlackElo "1674"]

1. e4 c5 2. Nf3 Nc6 3. Bb5 a6 4. Bxc6 bxc6 5. O-O Nf6 6. d3 d6 7. h3 g6 8. Nc3
Bg7 9. Ne2 O-O 10. c3 c4 11. Ng3 cxd3 12. Qxd3 a5 13. Re1 Ba6 14. Qc2 Nd7 15.
Be3 c5 16. Rad1 Qc7 17. Qc1 Rfc8 18. Bh6 Qd8 19. Bxg7 Kxg7 20. e5 Rc6 21. e6 fxe6
22. Ng5 Nf8 23. Qf4 Qe8 24. Re3 e5 25. Qh4 h6 26. N5e4 Bc8 27. Rf3 Nh7 28. Nf1
Be6 29. Ne3 g5 30. Qg3 Qg6 31. Nxd6 exd6 32. Rxd6 Rxd6 33. Qxe5+ Kg8 34. Qxd6
Rf8 35. Rxf8+ Nxf8 36. Nd5 Qf7 37. Ne3 Nd7 38. Qa6 Qg6 39. Qd6 Qb1+ 40. Kh2 Qe4
41. Qe7 Qe5+ 42. Kg1 Qf6 43. Qe8+ Kg7 44. Qa8 Ne5 45. Qe4 c4 46. Nd5 Qf5 47. Qd4
Bxd5 48. Qxd5 Kg6 49. Qg8+ Kf6 50. Qf8+ Nf7 51. Qb8 Kg7 52. Qb6 Qd5 53. Qa7 Qd1+
54. Kh2 Qd2 55. a4 Qd5 56. g3 h5 57. Kg1 h4 58. gxh4 gxh4 59. Kh2 Kg6 60. Kg1
Nd6 61. Qd7 Qe5 62. Kf1 Qf4 63. Qe6+ Kg7 64. Qe7+ Nf7 65. Qb7 Kf6 66. Qb6+ Nd6
67. Qd8+ Ke6 68. Qg8+ Ke5 69. Qh8+ Kd5 70. Qg8+ Ke4 71. Qe6+ Qe5 72. Qg4+ Qf4
73. Qe6+ 1/2-1/2

[Event "Indywidualne Mistrzostwa Polski Juniorow - C16"]
[Site "Szczyrk"]
[Date "2013-03-20"]
[Round "5.18"]
[White "Fronczak, Sebastian"]
[Black "Choina, Adam"]
[Result "1-0"]
[WhiteTitle "II+"]
[BlackTitle "II"]
[WhiteElo "1825"]
[BlackElo "1552"]

1. e4 c5 2. Nf3 e6 3. c3 d5 4. exd5 Qxd5 5. d4 Nc6 6. Na3 a6 7. Nc4 Qd8 8. Be3
b5 9. Nce5 Nxe5 10. Nxe5 Qc7 11. a4 cxd4 12. Bxd4 Bd6 13. f4 b4 14. Qg4 Kf8 15.
Nd7+ Ke8 16. Nb6 e5 17. Nxa8 Bxg4 18. Nxc7+ Bxc7 19. fxe5 bxc3 20. bxc3 a5 21.
Bb5+ Ke7 22. O-O 1-0

[Event "Indywidualne Mistrzostwa Polski Juniorow - C16"]
[Site "Szczyrk"]
[Date "2013-03-20"]
[Round "5.19"]
[White "Molenda, Marcin"]
[Black "Zadlo, Maciej"]
[Result "1/2-1/2"]
[WhiteTitle "I"]
[BlackTitle "I"]
[WhiteElo "1813"]
[BlackElo "1821"]

1. e4 e5 2. Nf3 Nf6 3. Nxe5 d6 4. Nf3 Nxe4 5. Qe2 Qe7 6. Nc3 Nxc3 7. dxc3 Qxe2+
8. Bxe2 Be7 9. Be3 Nc6 10. O-O Bf5 11. Bd3 Bxd3 12. cxd3 O-O 13. Rfe1 Rfe8 14.
d4 Bf6 15. Bg5 Bxg5 16. Nxg5 h6 17. Nf3 Kf8 18. Kf1 Re7 19. Re2 Rae8 20. Rae1
f6 21. Nd2 f5 22. f3 Kf7 23. Kf2 Kf6 24. Nc4 Rxe2+ 25. Rxe2 Rxe2+ 26. Kxe2 Ke6
27. Kd3 Ne7 28. Ne3 Nd5 29. Nxd5 Kxd5 30. c4+ Ke6 31. Ke3 g5 32. f4 g4 33. g3
c6 34. Kd3 d5 35. c5 h5 36. Kc3 h4 37. Kd3 hxg3 38. hxg3 Kd7 39. Kc3 Kc7 40. b4
b6 41. a4 b5 42. Kb3 a6 1/2-1/2

[Event "Indywidualne Mistrzostwa Polski Juniorow - C16"]
[Site "Szczyrk"]
[Date "2013-03-20"]
[Round "5.20"]
[White "Drop, Szymon"]
[Black "Madrawski, Krzysztof"]
[Result "1/2-1/2"]
[WhiteTitle "I"]
[BlackTitle "II+"]
[WhiteElo "1818"]
[BlackElo "1711"]

1. e4 e6 2. d4 d5 3. Nd2 Nf6 4. e5 Nfd7 5. Bd3 c5 6. c3 Nc6 7. Ne2 cxd4 8. cxd4
Nb6 9. O-O Bd7 10. Nf3 Be7 11. Bd2 a5 12. Rc1 Nb4 13. Bb1 Nc4 14. Bc3 a4 15. Nd2
b5 16. Nxc4 bxc4 17. Bxb4 Bxb4 18. a3 Be7 19. Nc3 Qa5 20. f4 g6 21. Rf2 h5 22.
h3 h4 23. Qd2 Rb8 24. Rcf1 Rb3 25. Ba2 Rb7 26. Qe3 Rh5 27. Kh2 Bc6 28. Rd2 Rd7
29. Bb1 Rb7 30. Ba2 Rd7 31. Bb1 Rb7 32. Ba2 Rd7 33. Bb1 Rb7 1/2-1/2

[Event "Indywidualne Mistrzostwa Polski Juniorow - C16"]
[Site "Szczyrk"]
[Date "2013-03-20"]
[Round "5.21"]
[White "Kruszynski, Krzysztof"]
[Black "Klimek, Piotr"]
[Result "1/2-1/2"]
[WhiteTitle "II"]
[BlackTitle "I"]
[WhiteElo "1664"]
[BlackElo "1789"]

1. e4 c5 2. Nf3 a6 3. c3 e6 4. d4 d5 5. Bd3 Nc6 6. O-O cxd4 7. Nxd4 Nf6 8. exd5
Nxd4 9. cxd4 Nxd5 10. Nc3 Be7 11. Qf3 O-O 12. Be3 b6 13. Nxd5 exd5 14. Rac1 Bf6
15. Rc2 Bb7 16. Rfc1 Rc8 17. Rxc8 Bxc8 18. h3 Qd6 19. a3 a5 20. Bxh7+ Kxh7 21.
Rxc8 Rxc8 22. Qf5+ g6 23. Qxc8 Kg7 24. g3 b5 25. Qb7 b4 26. axb4 Qxb4 27. Qxb4
axb4 28. Kf1 Kf8 29. Ke2 Ke7 30. Kd3 Kd7 31. b3 Ke6 32. Ke2 Be7 33. Kf3 f5 34.
g4 g5 35. gxf5+ Kxf5 36. Ke2 Bd6 37. Kf3 Be7 38. Ke2 Bd6 39. Kf3 Be7 40. Ke2 Bd6
1/2-1/2

[Event "Indywidualne Mistrzostwa Polski Juniorow - C16"]
[Site "Szczyrk"]
[Date "2013-03-20"]
[Round "5.22"]
[White "Wisniewski, Szymon"]
[Black "Kindler, Przemyslaw"]
[Result "1/2-1/2"]
[WhiteTitle "II+"]
[BlackTitle "I"]
[WhiteElo "1731"]
[BlackElo "1817"]

1. f4 c5 2. Nf3 e6 3. e3 Nc6 4. b3 d5 5. Bb5 Bd6 6. Bxc6+ bxc6 7. Bb2 Nf6 8. O-O
O-O 9. Ne5 Bb7 10. d3 Qc7 11. Nd2 Nd7 12. Rf3 f6 13. Nxd7 Qxd7 14. Rh3 e5 15.
Qh5 g6 16. Qh4 Rf7 17. Rf1 Raf8 18. f5 Rg7 19. Rff3 Qe7 20. e4 Bc8 21. Qh6 Kf7
22. Rhg3 Rfg8 23. fxg6+ hxg6 24. Qg5 Qe6 25. exd5 cxd5 26. c4 Be7 27. cxd5 Qxd5
28. Nc4 Bf5 29. Qe3 Re8 30. Qh6 Bf8 31. Ne3 Qd6 32. Nxf5 gxf5 33. Qh5+ Ke7 34.
Rxg7+ Bxg7 35. Qxf5 Qb6 36. Kh1 Qa5 37. a4 Qd2 38. Rf2 Qd1+ 39. Rf1 Qxb3 40. Bxe5
fxe5 41. Qg5+ Kd6 42. Qxg7 Qxa4 43. Rf6+ Re6 44. Qf8+ Kd7 45. Qf7+ Kd8 46. Qf8+
Kd7 1/2-1/2

[Event "Indywidualne Mistrzostwa Polski Juniorow - C16"]
[Site "Szczyrk"]
[Date "2013-03-20"]
[Round "5.23"]
[White "Szeglowski, Tomasz"]
[Black "Mrozowski, Patryk"]
[Result "0-1"]
[WhiteTitle "I"]
[BlackTitle "I"]
[WhiteElo "1801"]
[BlackElo "1723"]

1. f4 c5 2. g3 d5 3. Bg2 Nf6 4. Nf3 Nc6 5. O-O Bf5 6. d3 Qc8 7. Ne5 Bh3 8. Nxc6
bxc6 9. Nc3 Bxg2 10. Kxg2 h5 11. h4 Rb8 12. e4 e6 13. Qe2 d4 14. Nd1 Be7 15. c4
Ng4 16. Nf2 Nxf2 17. Rxf2 Qa6 18. Qf3 Kd7 19. e5 g6 20. Qd1 Rb6 21. Qc2 Rhb8 22.
b3 Rxb3 23. a3 Qa5 24. Bd2 Qb6 25. Bc1 Rc3 26. Qe2 Qb3 27. Qe1 Rc2 28. Qf1 Rxf2+
29. Kxf2 Qc2+ 30. Kf3 Rb3 31. Ke4 Bd8 32. a4 Ba5 33. Ba3 Qxc4 0-1

[Event "Indywidualne Mistrzostwa Polski Juniorow - C16"]
[Site "Szczyrk"]
[Date "2013-03-20"]
[Round "5.24"]
[White "Krawiecki, Stanislaw"]
[Black "Gladysz, Jakub"]
[Result "0-1"]
[WhiteTitle "II"]
[BlackTitle "II+"]
[WhiteElo "1632"]
[BlackElo "1798"]

1. e4 c5 2. Nf3 e6 3. d4 cxd4 4. Nxd4 Nc6 5. Nxc6 bxc6 6. c4 e5 7. Be2 Bc5 8. O-O
d6 9. Nc3 Be6 10. Kh1 Ne7 11. a3 O-O 12. f4 f6 13. f5 Bf7 14. Rf3 d5 15. Rg3 Kh8
16. Rh3 dxe4 17. Qe1 Nxf5 18. Nxe4 Qd4 19. Qh4 Bg6 20. Bh5 Qxe4 21. Qxe4 Ng3+
22. Rxg3 Bxe4 23. Be3 Bxe3 24. Rxe3 f5 25. Bf3 Bxf3 26. gxf3 Rad8 27. Rxe5 Rd2
28. Re7 Rxb2 29. Rxa7 Rc2 30. Re1 Rxc4 31. Ree7 Rg8 32. a4 h6 33. a5 c5 34. a6
Ra4 35. Rf7 Ra2 36. Rfe7 c4 37. Rac7 Rxa6 38. Rxc4 Rd8 39. Re2 Rg6 40. Re1 Rd3
41. Rf1 Rgd6 42. Kg2 Kh7 43. Rb1 g5 44. Rbc1 Kg7 45. Rc7+ Kf6 46. R7c6 Ke5 47.
Rxd6 Rxd6 48. Kg3 Rd3 49. Rc5+ Rd5 50. Rc3 h5 51. Ra3 h4+ 52. Kf2 Rd2+ 53. Kg1
Kf4 54. Ra5 h3 55. Rb5 Rg2+ 56. Kh1 Rf2 57. Kg1 Rxf3 58. Rb4+ Ke5 59. Ra4 Rd3
60. Kf2 Rd2+ 61. Kg3 Rd3+ 62. Kf2 g4 63. Rb4 Rd4 64. Rb5+ Ke4 65. Rb8 Rd2+ 66.
Kg1 f4 67. Re8+ Kf3 68. Re1 g3 69. hxg3 fxg3 70. Ra1 Ke2 71. Kh1 Rd1+ 72. Rxd1
Kxd1 73. Kg1 Ke2 74. Kh1 Kf3 75. Kg1 h2+ 76. Kh1 g2+ 77. Kxh2 Kf2 0-1